[Event "Sparkassen-Open A"]
[Site "Heusenstamm, Martinsee"]
[Date "2018.11.22"]
[Round "1.1"]
[White "Sadzikowski, Daniel"]
[Black "Burkhardt, Holger"]
[Result "1-0"]
[WhiteElo "2544"]
[BlackElo "2005"]
[PlyCount "75"]
[EventDate "2018.??.??"]
[WhiteTeam "SC Heusenstamm"]
[BlackTeam "SK GieÃŸen"]

1. c4 e5 2. g3 d6 3. Nc3 Be7 4. d4 Nd7 5. Nf3 Ngf6 6. Bg2 O-O 7. O-O c6 8. Qc2
Re8 9. Rb1 a6 10. Rd1 Qc7 11. dxe5 dxe5 12. b4 Nb6 13. Ng5 h6 14. c5 hxg5 15.
cxb6 Qxb6 16. Be3 Qc7 17. Bxg5 Be6 18. Bxf6 Bxf6 19. Nd5 Bxd5 20. Rxd5 Rad8 21.
a4 Rxd5 22. Bxd5 Qd6 23. Be4 Rd8 24. e3 g6 25. b5 axb5 26. axb5 cxb5 27. Rxb5
b6 28. Kg2 Kg7 29. Qb2 Rb8 30. h4 Qc7 31. Qe2 Be7 32. h5 Rh8 33. hxg6 fxg6 34.
Qg4 Rh6 35. Rd5 Qc1 36. Rd1 Qc4 37. Rd7 Kf6 38. Qf3+ 1-0

[Event "Sparkassen-Open A"]
[Site "Heusenstamm, Martinsee"]
[Date "2018.11.22"]
[Round "1.2"]
[White "Kolker, Vladislav"]
[Black "Sumets, Andrey"]
[Result "0-1"]
[WhiteElo "1999"]
[BlackElo "2580"]
[PlyCount "60"]
[EventDate "2018.??.??"]
[WhiteTeam "SC Bad Nauheim"]
[BlackTeam "SF Lilienthal"]

1. e4 c5 2. Nf3 Nc6 3. d4 cxd4 4. Nxd4 e5 5. Nb5 d6 6. N1c3 a6 7. Na3 b5 8. Nd5
Nge7 9. c4 Nxd5 10. exd5 Nd4 11. cxb5 Be7 12. bxa6 Qa5+ 13. Qd2 Qxd5 14. Bb5+
Bd7 15. Bxd7+ Kxd7 16. O-O Rhc8 17. b3 Rxa6 18. Nc4 Ke8 19. Rd1 Qe4 20. Bb2
Ne2+ 21. Kh1 Nf4 22. f3 Qb7 23. Bc3 f6 24. Re1 Kf8 25. Rad1 Rca8 26. Na5 Qc7
27. b4 d5 28. Rc1 Qd7 29. Rcd1 d4 30. Re4 Qb5 0-1

[Event "Sparkassen-Open A"]
[Site "Heusenstamm, Martinsee"]
[Date "2018.11.22"]
[Round "1.3"]
[White "Nikolov, Momchil"]
[Black "Vakulenko, Oleksandr"]
[Result "1-0"]
[WhiteElo "2560"]
[BlackElo "1999"]
[PlyCount "61"]
[EventDate "2018.??.??"]
[WhiteTeam "vereinslos"]
[BlackTeam "Gambit Kiev"]

1. d4 d5 2. c4 e6 3. Nc3 Nf6 4. cxd5 exd5 5. Bg5 Be7 6. e3 c6 7. Bd3 Nbd7 8.
Nf3 h6 9. Bf4 O-O 10. h3 Re8 11. O-O Nf8 12. Qc2 Ne6 13. Bh2 Ng5 14. Ne5 Bf8
15. Rad1 Nge4 16. Ne2 a5 17. f3 Nd6 18. Kh1 Nd7 19. e4 Qg5 20. Nxd7 Bxd7 21. e5
Nc4 22. f4 Qh5 23. Rf3 g6 24. f5 Bxf5 25. Bxf5 gxf5 26. Nf4 Qh4 27. b3 Nxe5 28.
dxe5 Rxe5 29. Bg3 Qg5 30. Qf2 Rae8 31. Bh4 1-0

[Event "Sparkassen-Open A"]
[Site "Heusenstamm, Martinsee"]
[Date "2018.11.22"]
[Round "1.4"]
[White "Berberich, Christoph"]
[Black "Noe, Christopher"]
[Result "0-1"]
[WhiteElo "1997"]
[BlackElo "2529"]
[PlyCount "74"]
[EventDate "2018.??.??"]
[WhiteTeam "SGEM Dreisamtal"]
[BlackTeam "SC Eppingen"]

1. d4 Nf6 2. Nf3 e6 3. c4 Bb4+ 4. Nbd2 O-O 5. a3 Bxd2+ 6. Bxd2 b6 7. Bg5 Bb7 8.
e3 d6 9. Be2 Nbd7 10. Qc2 h6 11. Bh4 g5 12. Bg3 Ne4 13. O-O-O f5 14. Bd3 Ndf6
15. Ne1 c5 16. f3 Nxg3 17. hxg3 cxd4 18. exd4 Rc8 19. Qe2 Qd7 20. Rxh6 Kg7 21.
Rh2 b5 22. Kb1 bxc4 23. Bxc4 Qa4 24. b3 Qa5 25. Qd2 Qxd2 26. Rxd2 Bd5 27. Rc2
a5 28. Nd3 a4 29. Bxd5 Nxd5 30. bxa4 Rb8+ 31. Nb2 Rf7 32. Ka2 Rfb7 33. Nc4 Rb1
34. Rh5 Re1 35. Rxg5+ Kh6 36. f4 Re2 37. Nd2 Rxd2 0-1

[Event "Sparkassen-Open A"]
[Site "Heusenstamm, Martinsee"]
[Date "2018.11.22"]
[Round "1.5"]
[White "Enchev, Ivajlo"]
[Black "Diehm, Alexander"]
[Result "1-0"]
[WhiteElo "2496"]
[BlackElo "1995"]
[PlyCount "69"]
[EventDate "2018.??.??"]
[WhiteTeam "vereinslos"]
[BlackTeam "SC FK Babenhausen"]

1. e4 c5 2. Nf3 d6 3. Bc4 e6 4. O-O Nc6 5. Re1 g6 6. d4 cxd4 7. Nxd4 Ne5 8. Bb3
a6 9. f4 Nd7 10. Nc3 Nc5 11. Be3 Nf6 12. f5 gxf5 13. exf5 Nxb3 14. axb3 e5 15.
Bg5 Be7 16. Bxf6 Bxf6 17. Nd5 Bg5 18. Qh5 O-O 19. Nf3 Bf6 20. Nd2 Bg7 21. Ra4
f6 22. Rh4 h6 23. Rg4 Rf7 24. Ne4 Kf8 25. Re3 Qa5 26. c4 Qa1+ 27. Kf2 Qxb2+ 28.
Kg3 Bd7 29. Nxd6 Be8 30. Qg6 Rd7 31. Nxe8 Rxe8 32. Nxf6 Rf7 33. Nxe8 Kxe8 34.
Qe6+ Kf8 35. Rd3 1-0

[Event "Sparkassen-Open A"]
[Site "Heusenstamm, Martinsee"]
[Date "2018.11.22"]
[Round "1.6"]
[White "Laux, Dominik"]
[Black "Milov, Leonid"]
[Result "1/2-1/2"]
[WhiteElo "1973"]
[BlackElo "2481"]
[PlyCount "112"]
[EventDate "2018.??.??"]
[WhiteTeam "VSG Offenbach"]
[BlackTeam "SC Noris-Tarrasch NÃ¼rnberg"]

1. d4 f5 2. Nf3 Nf6 3. g3 g6 4. Bg2 Bg7 5. c4 O-O 6. b4 c6 7. O-O Ne4 8. Bb2 a5
9. b5 a4 10. Qc2 Qa5 11. Na3 d5 12. Ne5 Be6 13. f3 Nf6 14. Bc3 Qd8 15. c5 Nfd7
16. bxc6 bxc6 17. Nd3 g5 18. e3 Nf6 19. Rab1 g4 20. f4 Ne4 21. Rb6 Qc7 22. Rfb1
Bc8 23. Be1 Nd7 24. R6b4 Ba6 25. Bf1 Ra7 26. Rxa4 Rfa8 27. Rbb4 Kf7 28. Nb1 Bb5
29. Rxa7 Qxa7 30. Nc1 Bxf1 31. Kxf1 h5 32. a4 Bf6 33. Nb3 h4 34. a5 Rh8 35. Kg1
hxg3 36. hxg3 Rh3 37. Qg2 Qa6 38. N1d2 Nc3 39. Qf1 Ne2+ 40. Kg2 Qd3 41. Bf2 Qa6
42. Ra4 Nb8 43. Ra1 Rh8 44. Nc1 Nc3 45. Qxa6 Nxa6 46. Ndb3 Rb8 47. Be1 Nd1 48.
Bd2 Nb2 49. Kf1 Nc4 50. Ke2 Rh8 51. Kd3 Rh2 52. Rb1 Na3 53. Ra1 Nc4 54. Rb1 Na3
55. Ra1 Nc4 56. Rb1 Na3 1/2-1/2

[Event "Sparkassen-Open A"]
[Site "Heusenstamm, Martinsee"]
[Date "2018.11.22"]
[Round "1.8"]
[White "Werner, Dimo"]
[Black "Pap, Misa"]
[Result "0-1"]
[WhiteElo "1993"]
[BlackElo "2473"]
[PlyCount "59"]
[EventDate "2018.??.??"]
[WhiteTeam "TSV Schott Mainz"]
[BlackTeam "SF Augsburg"]

1. d4 f5 2. g3 Nf6 3. Bg2 g6 4. c4 Bg7 5. Nc3 O-O 6. Nf3 d6 7. O-O c6 8. b3 a5
9. Bb2 Na6 10. d5 Bd7 11. Nd4 Rc8 12. e3 Nc5 13. Qe2 Qb6 14. Rab1 Qa6 15. Rfd1
Nfe4 16. Bf1 Rfe8 17. f3 Ng5 18. Qf2 Qa7 19. Ba1 e5 20. dxe6 Bxe6 21. Nde2 Rcd8
22. Nf4 Bf7 23. Nce2 Bxa1 24. Rxa1 Nge6 25. Nxe6 Rxe6 26. Nd4 Re7 27. Nc2 Na6
28. Rd4 Nb4 29. Nxb4 axb4 30. Rad1 0-1

[Event "Sparkassen-Open A"]
[Site "Heusenstamm, Martinsee"]
[Date "2018.11.22"]
[Round "1.9"]
[White "Barski, Radoslaw"]
[Black "Altenbernd, Jannis-Domenik"]
[Result "1-0"]
[WhiteElo "2459"]
[BlackElo "1990"]
[PlyCount "75"]
[EventDate "2018.??.??"]
[WhiteTeam "SC Heusenstamm"]
[BlackTeam "SG BÃ¼nde"]

1. e4 c5 2. Nf3 d6 3. Bb5+ Nd7 4. c3 a6 5. Ba4 b5 6. Bc2 e5 7. O-O Be7 8. d4
Bb7 9. Qe2 Qb6 10. Rd1 Rd8 11. d5 Rb8 12. Be3 Bc8 13. a4 Qb7 14. Na3 Ngf6 15.
Nd2 O-O 16. axb5 axb5 17. b4 cxb4 18. cxb4 Ne8 19. Bd3 f5 20. f3 fxe4 21. fxe4
Nc7 22. Nb3 Ra8 23. Na5 Rxa5 24. bxa5 Nf6 25. h3 Bd7 26. Rdb1 Rb8 27. Nc4 Be8
28. Nb6 Nh5 29. a6 Nxa6 30. Bxb5 Bxb5 31. Qxb5 Nc5 32. Bxc5 dxc5 33. Qc6 Nf6
34. Nc4 Qxb1+ 35. Rxb1 Rxb1+ 36. Kh2 Rb4 37. Qe6+ Kf8 38. Nxe5 1-0

[Event "Sparkassen-Open A"]
[Site "Heusenstamm, Martinsee"]
[Date "2018.11.22"]
[Round "1.10"]
[White "Calvi, Stefan"]
[Black "Gritsak, Orest"]
[Result "1/2-1/2"]
[WhiteElo "1986"]
[BlackElo "2457"]
[PlyCount "70"]
[EventDate "2018.??.??"]
[WhiteTeam "SF Frankfurt"]
[BlackTeam "vereinslos"]

1. e4 g6 2. d4 Bg7 3. Be3 e6 4. Nf3 Ne7 5. c4 d5 6. Nc3 dxe4 7. Nxe4 Nbc6 8.
Qd2 Nf5 9. Rd1 O-O 10. Be2 b6 11. Ng3 Nxe3 12. fxe3 Qe7 13. O-O Bb7 14. e4 e5
15. d5 Nd4 16. Nxd4 exd4 17. Bd3 c5 18. Nh1 Bc8 19. Nf2 Bd7 20. Be2 Rae8 21.
Rde1 Qh4 22. g3 Bh6 23. Qd3 Qe7 24. Bg4 f5 25. Bh3 Be3 26. exf5 Rxf5 27. Kg2
Rxf2+ 28. Rxf2 Bxh3+ 29. Kxh3 Qd7+ 30. Kg2 Bxf2 31. Rxe8+ Qxe8 32. Kxf2 Kg7 33.
b3 Qe5 34. Qf3 h5 35. Qf4 Qxf4+ 1/2-1/2

[Event "Sparkassen-Open A"]
[Site "Heusenstamm, Martinsee"]
[Date "2018.11.22"]
[Round "1.11"]
[White "Zuyev, Igor"]
[Black "Krychevskiy, Dmytro"]
[Result "1-0"]
[WhiteElo "2435"]
[BlackElo "1986"]
[PlyCount "45"]
[EventDate "2018.??.??"]
[WhiteTeam "SC Heusenstamm"]
[BlackTeam "SV Oberursel"]

1. e4 c6 2. d4 d5 3. exd5 cxd5 4. Bd3 Nf6 5. c3 Nc6 6. Bf4 Bg4 7. Qb3 Qb6 8. h3
Bh5 9. Qxb6 axb6 10. Na3 e5 11. Nb5 exf4 12. Nc7+ Kd8 13. Nxa8 Nd7 14. Bf5 Ncb8
15. Kd2 Bg6 16. Bxg6 hxg6 17. Nf3 Be7 18. a4 Nc6 19. b4 g5 20. a5 Rh5 21. Nxb6
Nf6 22. Kc2 Kc7 23. Ne5 1-0

[Event "Sparkassen-Open A"]
[Site "Heusenstamm, Martinsee"]
[Date "2018.11.22"]
[Round "1.12"]
[White "KÃ¼rschner, Matthias"]
[Black "Gutman, Lev"]
[Result "0-1"]
[WhiteElo "1985"]
[BlackElo "2434"]
[PlyCount "118"]
[EventDate "2018.??.??"]
[WhiteTeam "SK Langen"]
[BlackTeam "SV Lingen"]

1. e4 c5 2. c4 Nc6 3. Ne2 g6 4. d4 cxd4 5. Nxd4 Bg7 6. Be3 Nf6 7. Nc3 O-O 8.
Be2 d6 9. O-O Bd7 10. Rc1 a5 11. f3 a4 12. Nd5 e6 13. Nc3 Nxd4 14. Bxd4 Bc6 15.
Qd3 Qa5 16. Rfd1 Rfd8 17. Qe3 Rd7 18. Rc2 Qb4 19. Qc1 Nh5 20. Be3 f5 21. exf5
gxf5 22. Bh6 Qc5+ 23. Be3 Qa5 24. Bh6 Rf8 25. Qg5 Qc5+ 26. Kh1 Nf6 27. Bf1 Kh8
28. Rcd2 Ne8 29. Qe3 Qxe3 30. Bxe3 a3 31. Rc1 axb2 32. Rxb2 d5 33. Bc5 Rg8 34.
cxd5 exd5 35. Bd3 Nd6 36. Rd2 Bh6 37. Bd4+ Rgg7 38. Rcd1 Bxd2 39. Rxd2 Kg8 40.
Bxg7 Kxg7 41. Ne2 Kf6 42. Kg1 Rd8 43. Kf2 Ra8 44. Bb1 Ra5 45. Rd3 Nc4 46. Nc1
Na3 47. Rb3 Nxb1 48. Rxb1 Rc5 49. g4 f4 50. h4 Rc2+ 51. Ke1 d4 52. Nd3 Bxf3 53.
Nxf4 Ke5 54. Nd3+ Ke4 55. Nf2+ Kf4 56. Rb4 Re2+ 57. Kf1 Rd2 58. a4 Ke3 59. Rb3+
d3 0-1

[Event "Sparkassen-Open A"]
[Site "Heusenstamm, Martinsee"]
[Date "2018.11.22"]
[Round "1.13"]
[White "Andreev, Eduard"]
[Black "Diez, Gerhard"]
[Result "1-0"]
[WhiteElo "2425"]
[BlackElo "1984"]
[PlyCount "61"]
[EventDate "2018.??.??"]
[WhiteTeam "SC Siegburg"]
[BlackTeam "SC Bad Nauheim"]

1. e4 c5 2. Nf3 a6 3. c3 e6 4. d4 d5 5. e5 Bd7 6. Bd3 Bb5 7. Bc2 a5 8. Be3 Nd7
9. Nbd2 cxd4 10. Nxd4 Ba6 11. f4 g6 12. h4 Ne7 13. h5 Bg7 14. Qg4 Nc6 15. hxg6
hxg6 16. Rxh8+ Bxh8 17. O-O-O Nxd4 18. Bxd4 Qe7 19. Bf2 g5 20. Nf3 Be2 21. Rh1
O-O-O 22. Qxg5 f6 23. Qg6 Bxf3 24. gxf3 fxe5 25. f5 Nf8 26. Qg4 Bf6 27. Bb6 Re8
28. Bxa5 exf5 29. Bxf5+ Kb8 30. Qa4 Qf7 31. Bb6 1-0

[Event "Sparkassen-Open A"]
[Site "Heusenstamm, Martinsee"]
[Date "2018.11.22"]
[Round "1.14"]
[White "Junker, Christian"]
[Black "FrÃ¼bing, Stefan"]
[Result "0-1"]
[WhiteElo "1984"]
[BlackElo "2406"]
[PlyCount "136"]
[EventDate "2018.??.??"]
[WhiteTeam "SV Neu-Isenburg"]
[BlackTeam "SK KÃ¶nig Tegel"]

1. Nf3 Nf6 2. g3 d5 3. d3 Bg4 4. Bg2 Nbd7 5. Nbd2 e5 6. e4 c6 7. O-O Bd6 8. h3
Bh5 9. b3 O-O 10. Bb2 Re8 11. Qe1 a5 12. a4 Bb4 13. g4 Bg6 14. Qe2 d4 15. Nc4
b5 16. Ncxe5 Nxe5 17. Nxe5 Rxe5 18. f4 Re8 19. f5 Nd5 20. fxg6 fxg6 21. Rf2 Bc3
22. Bxc3 Nxc3 23. Qd2 Re5 24. Qf4 Qe7 25. axb5 cxb5 26. b4 a4 27. Ra3 Rf8 28.
Qxf8+ Qxf8 29. Rxf8+ Kxf8 30. Kf2 Ke7 31. h4 Kd6 32. Kf3 Re8 33. Kg3 Ke5 34.
Bf3 Re7 35. g5 Rf7 36. Ra1 Ra7 37. Ra3 h5 38. gxh6 gxh6 39. h5 gxh5 40. Bxh5
Rg7+ 41. Kf2 Kf4 42. Ra1 Ra7 43. Ra3 Kg5 44. Be8 h5 45. Kf3 h4 46. Ra1 a3 47.
Rg1+ Kh6 48. Ra1 Kg7 49. Kg4 a2 50. Bc6 Rc7 51. Bxb5 Nxb5 52. Rxa2 Rc3 53. Kxh4
Kf6 54. Kg4 Na3 55. Kf4 Ke6 56. Ra1 Nxc2 57. Ra6+ Kd7 58. b5 Rxd3 59. e5 Rb3
60. Rd6+ Ke7 61. b6 d3 62. Ke4 Ne1 63. Kd5 d2 64. Kc4 Rd3 65. Rxd3 Nxd3 66. b7
Nxe5+ 67. Kc3 d1=Q 68. b8=Q Qc1+ 0-1

[Event "Sparkassen-Open A"]
[Site "Heusenstamm, Martinsee"]
[Date "2018.11.22"]
[Round "1.15"]
[White "Geske, Julian"]
[Black "Steudel, Max"]
[Result "1-0"]
[WhiteElo "2382"]
[BlackElo "1951"]
[PlyCount "101"]
[EventDate "2018.??.??"]
[WhiteTeam "Wiesbadener SV"]
[BlackTeam "SC Brett vorm Kopp"]

1. e4 d5 2. exd5 Qxd5 3. Nc3 Qd8 4. d4 Nf6 5. Nf3 Bg4 6. h3 Bxf3 7. Qxf3 c6 8.
Be3 e6 9. Bd3 Nbd7 10. O-O-O Bb4 11. Bd2 Nd5 12. Nxd5 Bxd2+ 13. Rxd2 cxd5 14.
Re2 O-O 15. Qh5 g6 16. Qh6 Qf6 17. Qe3 a6 18. g4 b5 19. f4 Nb6 20. h4 Nc4 21.
Qf2 Qe7 22. f5 Qb4 23. c3 Qd6 24. f6 h6 25. b3 Qa3+ 26. Kd1 Rfb8 27. bxc4 bxc4
28. Bc2 Qxc3 29. Rhe1 Rb2 30. Qe3 Qxe3 31. Rxe3 Rxa2 32. g5 h5 33. Rc3 Rb8 34.
Ree3 Rbb2 35. Kc1 Rb4 36. Ra3 Rxa3 37. Rxa3 Rb6 38. Ra1 e5 39. dxe5 Re6 40. Rb1
d4 41. Rb8+ Kh7 42. Rf8 d3 43. Rxf7+ Kg8 44. Rg7+ Kf8 45. Bd1 Rxe5 46. Kd2 Re4
47. Bf3 Rxh4 48. Bd5 Ke8 49. Rg8+ Kd7 50. f7 Rh2+ 51. Ke1 1-0

[Event "Sparkassen-Open A"]
[Site "Heusenstamm, Martinsee"]
[Date "2018.11.22"]
[Round "1.16"]
[White "Schmidt, Max"]
[Black "Hacker, Jonas"]
[Result "0-1"]
[WhiteElo "1979"]
[BlackElo "2350"]
[PlyCount "60"]
[EventDate "2018.??.??"]
[WhiteTeam "Frankfurter TV"]
[BlackTeam "SC Eppingen"]

1. e4 e5 2. Nf3 Nc6 3. Bb5 a6 4. Ba4 Nf6 5. O-O Be7 6. Re1 b5 7. Bb3 d6 8. c3
O-O 9. h3 Nd7 10. d4 Bb7 11. a4 exd4 12. cxd4 Na5 13. Bc2 c5 14. Nc3 b4 15. Nd5
Bxd5 16. exd5 c4 17. Qe2 Re8 18. Bd2 Rb8 19. Qe4 g6 20. Qf4 Nb6 21. Ng5 Bxg5
22. Rxe8+ Qxe8 23. Qxg5 c3 24. bxc3 b3 25. Re1 Qd8 26. Bb1 Qxg5 27. Bxg5 Nxa4
28. Kf1 Nc4 29. Bh6 Nxc3 30. Bd3 b2 0-1

[Event "Sparkassen-Open A"]
[Site "Heusenstamm, Martinsee"]
[Date "2018.11.22"]
[Round "1.17"]
[White "Hirneise, Jens"]
[Black "Teichert, Felix"]
[Result "1-0"]
[WhiteElo "2370"]
[BlackElo "1980"]
[PlyCount "119"]
[EventDate "2018.??.??"]
[WhiteTeam "TSV SchÃ¶naich"]
[BlackTeam "Leegebrucher SF"]

1. e4 d5 2. exd5 Nf6 3. Nf3 Nxd5 4. d4 Bg4 5. h3 Bxf3 6. Qxf3 Nc6 7. Bb5 e6 8.
Bxc6+ bxc6 9. O-O Qf6 10. Qe4 Qg6 11. Qe2 Bd6 12. a3 O-O 13. c4 Nf4 14. Bxf4
Bxf4 15. Nc3 Rfd8 16. Rad1 Bg5 17. Ne4 Be7 18. Rd3 Rab8 19. Rfd1 Qf5 20. Rf3
Qg6 21. Rdd3 f5 22. Nc3 Re8 23. Rde3 Bg5 24. Re5 Rbd8 25. Rd3 Bf4 26. Ra5 e5
27. dxe5 Rxd3 28. Qxd3 Bxe5 29. g3 Qg5 30. Kg2 f4 31. g4 h5 32. Qf3 hxg4 33.
hxg4 Re6 34. Rxa7 Rh6 35. Ra8+ Kf7 36. Ne4 Qh4 37. Kf1 Rg6 38. g5 Bxb2 39. Ra5
c5 40. Rxc5 Bxa3 41. Rf5+ Kg8 42. Rxf4 Qh2 43. c5 Bc1 44. Qb3+ Kh7 45. Rf3 Qh1+
46. Ke2 Qh5 47. Qf7 Bxg5 48. Qf5 Kh6 49. Kd3 Bh4 50. Qxh5+ Kxh5 51. Rf7 Rc6 52.
Kd4 g5 53. Kd5 Ra6 54. Rxc7 Kg4 55. Rf7 Kh3 56. c6 g4 57. Rh7 Ra5+ 58. Ke6 Kg2
59. Rxh4 Kf3 60. c7 1-0

[Event "Sparkassen-Open A"]
[Site "Heusenstamm, Martinsee"]
[Date "2018.11.22"]
[Round "1.18"]
[White "TremÃ¶hlen, Thomas"]
[Black "Baskin, Robert"]
[Result "0-1"]
[WhiteElo "1980"]
[BlackElo "2354"]
[PlyCount "92"]
[EventDate "2018.??.??"]
[WhiteTeam "SG Kaarst"]
[BlackTeam "SV Griesheim"]

1. d4 Nf6 2. Bf4 d5 3. e3 c5 4. c3 Nc6 5. Nd2 e6 6. Ngf3 cxd4 7. exd4 Nh5 8.
Bg5 f6 9. Be3 Bd6 10. g3 g6 11. Bg2 Ng7 12. O-O Nf5 13. Re1 O-O 14. Nf1 g5 15.
h3 Nxe3 16. Nxe3 f5 17. g4 fxg4 18. Nxg4 h5 19. Nge5 Rf4 20. Nd3 Rf5 21. Nfe5
Qe8 22. Re3 Bxe5 23. Nxe5 Nxe5 24. dxe5 Bd7 25. Qd2 Qe7 26. Rae1 Raf8 27. Rg3
h4 28. Rg4 Rf4 29. Rxf4 Rxf4 30. Qe3 b6 31. Re2 Be8 32. Rd2 Qg7 33. f3 Bh5 34.
Kh2 Rf5 35. Re2 Qc7 36. Re1 Qc4 37. a3 Qf4+ 38. Qxf4 gxf4 39. Kg1 Kg7 40. Kf2
Rg5 41. Re2 Rg3 42. Re1 Bg6 43. Rd1 Kh6 44. Re1 Bf5 45. Rh1 Kg5 46. Bf1 Rxf3+
0-1

[Event "Sparkassen-Open A"]
[Site "Heusenstamm, Martinsee"]
[Date "2018.11.22"]
[Round "1.19"]
[White "Gschnitzer, Adrian"]
[Black "Zimmer, Gerald"]
[Result "1-0"]
[WhiteElo "2365"]
[BlackElo "1979"]
[PlyCount "77"]
[EventDate "2018.??.??"]
[WhiteTeam "SV Walldorf"]
[BlackTeam "SC Bergen-Enkheim"]

1. e4 e6 2. d4 d5 3. Nd2 dxe4 4. Nxe4 Bd7 5. Nf3 Bc6 6. Bd3 Nd7 7. O-O Ngf6 8.
Ng3 Bxf3 9. Qxf3 c6 10. Re1 Be7 11. c3 Qc7 12. Bf4 Qb6 13. Re2 Nd5 14. Rae1
Nxf4 15. Qxf4 g6 16. Ne4 Qd8 17. Qh6 Bf8 18. Qh3 Be7 19. Qh6 Bf8 20. Qf4 Be7
21. Re3 Qb8 22. Qh6 Bf8 23. Qh3 Be7 24. c4 O-O 25. d5 Nc5 26. Qh6 Nxe4 27. Bxe4
f5 28. Bf3 cxd5 29. Rxe6 Bb4 30. Bxd5 Rf7 31. Re8+ Qxe8 32. Rxe8+ Rxe8 33.
Bxf7+ Kxf7 34. Qxh7+ Kf6 35. g3 Re7 36. Qh8+ Kf7 37. h4 Bc5 38. h5 gxh5 39. Qc8
1-0

[Event "Sparkassen-Open A"]
[Site "Heusenstamm, Martinsee"]
[Date "2018.11.22"]
[Round "1.20"]
[White "Hinrichs, Paul"]
[Black "Paszewski, Mateusz"]
[Result "0-1"]
[WhiteElo "1907"]
[BlackElo "2355"]
[PlyCount "72"]
[EventDate "2018.??.??"]
[WhiteTeam "SK Bingen"]
[BlackTeam "vereinslos"]

1. d4 Nf6 2. c4 e6 3. Nc3 Bb4 4. e3 O-O 5. Bd3 d5 6. Nf3 c5 7. O-O cxd4 8. exd4
dxc4 9. Bxc4 b6 10. a3 Bxc3 11. bxc3 Bb7 12. Bg5 Nbd7 13. Bd3 Qc7 14. Re1 Qxc3
15. Ne5 Nxe5 16. dxe5 Qc6 17. f3 Nd5 18. Rc1 Qd7 19. Qe2 Rac8 20. Rcd1 Qa4 21.
Qf2 h6 22. Bc1 Rc7 23. Qg3 Rxc1 24. Rxc1 Qd4+ 25. Kh1 Qxd3 26. a4 a6 27. Rcd1
Qc2 28. Rd4 Rc8 29. h4 h5 30. Qg5 g6 31. Red1 b5 32. g4 hxg4 33. Qxg4 Kg7 34.
Rg1 Rh8 35. Qg5 Qf2 36. Rg3 Qxd4 0-1

[Event "Sparkassen-Open A"]
[Site "Heusenstamm, Martinsee"]
[Date "2018.11.22"]
[Round "1.21"]
[White "Khaetsky, Roman"]
[Black "MÃ¼ller, Jochen"]
[Result "1-0"]
[WhiteElo "2347"]
[BlackElo "1967"]
[PlyCount "57"]
[EventDate "2018.??.??"]
[WhiteTeam "Gambit Kiev"]
[BlackTeam "Spvgg Stetten"]

1. e4 e5 2. Nf3 Nc6 3. Bb5 f5 4. d4 fxe4 5. Nxe5 Nxe5 6. dxe5 c6 7. Nc3 cxb5 8.
Nxe4 d5 9. exd6 Nf6 10. O-O Kf7 11. Bg5 h6 12. Bxf6 gxf6 13. Re1 f5 14. Qd5+
Kg6 15. Re3 f4 16. Rc3 Rh7 17. Re1 Bf5 18. Ng3 Bd7 19. Nh5 Rf7 20. Rc7 Qg5 21.
Re6+ Kh7 22. Qxg5 hxg5 23. Rxd7 Rxd7 24. Nf6+ Kg7 25. Nxd7 Kf7 26. Rf6+ Kg7 27.
Rxf8 Rxf8 28. Nxf8 Kxf8 29. g3 1-0

[Event "Sparkassen-Open A"]
[Site "Heusenstamm, Martinsee"]
[Date "2018.11.22"]
[Round "1.22"]
[White "Bernhart, Joseph"]
[Black "Muckle, Julius"]
[Result "0-1"]
[WhiteElo "1952"]
[BlackElo "2344"]
[PlyCount "78"]
[EventDate "2018.??.??"]
[WhiteTeam "SG Kaiserslautern"]
[BlackTeam "SK Ludwigshafen"]

1. d4 d5 2. Bf4 c5 3. e3 Nc6 4. Nf3 Nf6 5. c3 Qb6 6. Qb3 c4 7. Qc2 Bf5 8. Qc1
e6 9. Nh4 Be4 10. Nd2 Be7 11. f3 Bd3 12. Bxd3 cxd3 13. g4 Nxg4 14. Ng2 Nf6 15.
Bg3 O-O 16. Nf4 e5 17. Nxd3 e4 18. fxe4 Nxe4 19. Nxe4 dxe4 20. Nf4 Qb5 21. Qc2
Bg5 22. Qe2 Qxe2+ 23. Kxe2 Bxf4 24. Bxf4 Rfd8 25. Rhg1 f6 26. Bh6 Rd7 27. Raf1
Re8 28. h4 Kh8 29. Bf4 b5 30. h5 h6 31. Bxh6 gxh6 32. Rxf6 Nd8 33. Rxh6+ Rh7
34. Rxh7+ Kxh7 35. Rg5 a6 36. Rg6 Re6 37. Rxe6 Nxe6 38. b3 Kh6 39. c4 b4 0-1

[Event "Sparkassen-Open A"]
[Site "Heusenstamm, Martinsee"]
[Date "2018.11.22"]
[Round "1.23"]
[White "Krastev, Alexander"]
[Black "HÃ¶hne, Volkmar"]
[Result "1-0"]
[WhiteElo "2342"]
[BlackElo "1960"]
[PlyCount "33"]
[EventDate "2018.??.??"]
[WhiteTeam "Biebertaler SF"]
[BlackTeam "SV GroÃŸauheim"]

1. e4 e6 2. Nf3 c5 3. Nc3 Nc6 4. d4 cxd4 5. Nxd4 Nf6 6. g3 a6 7. Bg2 Qc7 8. O-O
d6 9. Re1 Be7 10. Nxc6 bxc6 11. e5 dxe5 12. Rxe5 O-O 13. Bf4 Rd8 14. Rd5 Rxd5
15. Nxd5 Qb7 16. Nxe7+ Qxe7 17. Bxc6 1-0

[Event "Sparkassen-Open A"]
[Site "Heusenstamm, Martinsee"]
[Date "2018.11.22"]
[Round "1.24"]
[White "Kalepky, Helmut"]
[Black "Klundt, Klaus"]
[Result "0-1"]
[WhiteElo "1960"]
[BlackElo "2313"]
[PlyCount "156"]
[EventDate "2018.??.??"]
[WhiteTeam "SF Heidesheim"]
[BlackTeam "SC Heusenstamm"]

1. e4 c5 2. Nf3 e6 3. d4 cxd4 4. Nxd4 Nc6 5. c4 Nf6 6. Nc3 Bb4 7. Nxc6 bxc6 8.
Bd2 e5 9. Bd3 O-O 10. O-O Rb8 11. a3 Be7 12. b4 d6 13. Qc2 Be6 14. Rfd1 h6 15.
h3 Nd7 16. Be3 Qc7 17. Rab1 Rfc8 18. Qd2 Nf6 19. Rdc1 Qd7 20. Qe2 Bd8 21. f4
exf4 22. Bxf4 Bb6+ 23. Kh1 Bd4 24. c5 Be5 25. Bxe5 dxe5 26. Ba6 Rd8 27. Rd1 Qe7
28. Rxd8+ Rxd8 29. Rd1 Rd4 30. Rxd4 exd4 31. Nb1 Qc7 32. Nd2 Qf4 33. Bd3 Kf8
34. a4 Nd7 35. Nf3 Qc1+ 36. Kh2 Qc3 37. Qd2 Qxd2 38. Nxd2 Ne5 39. Ba6 Ke7 40.
Kg3 f6 41. Nf3 Nxf3 42. Kxf3 Bb3 43. a5 Ke6 44. Bd3 Bd1+ 45. Kf2 Ke5 46. g3 Bh5
47. Kg2 Be8 48. Kf3 Bd7 49. g4 Be6 50. Kg3 Bb3 51. Kf3 Ba4 52. Kg3 Bd1 53. Kf2
h5 54. gxh5 Bxh5 55. Kg3 Be8 56. Kf3 Bf7 57. Kg3 Be6 58. h4 Bf7 59. Kf3 Bh5+
60. Kg3 Bd1 61. Kf2 Kf4 62. b5 cxb5 63. Bxb5 Ke5 64. Bd3 Bg4 65. Ba6 Kxe4 66.
Bb7+ Ke5 67. Ke1 Be6 68. Kd2 Bd5 69. a6 Bc4 70. Ke1 Bf7 71. Kf2 g5 72. hxg5
fxg5 73. Ke2 Bc4+ 74. Kf2 g4 75. Bc8 Kf4 76. c6 g3+ 77. Ke1 d3 78. c7 Ke3 0-1

[Event "Sparkassen-Open A"]
[Site "Heusenstamm, Martinsee"]
[Date "2018.11.22"]
[Round "1.25"]
[White "Neukirchner, Pascal"]
[Black "Skarke, Harald"]
[Result "1-0"]
[WhiteElo "2305"]
[BlackElo "1958"]
[PlyCount "103"]
[EventDate "2018.??.??"]
[WhiteTeam "SK GrÃ¼ndau"]
[BlackTeam "SF Neuberg"]

1. d4 Nf6 2. c4 e6 3. g3 Be7 4. Bg2 O-O 5. Nf3 d6 6. b3 c5 7. Nc3 cxd4 8. Nxd4
a6 9. O-O Qc7 10. Bb2 Nc6 11. Rc1 Bd7 12. Nd5 Nxd5 13. cxd5 exd5 14. Bxd5 Rac8
15. e4 Qd8 16. Qd2 Bf6 17. Rfd1 Bg4 18. Re1 Bd7 19. Nxc6 Bxc6 20. Bxf6 Qxf6 21.
Bxc6 bxc6 22. Qa5 c5 23. Qxa6 Ra8 24. Qe2 Rfe8 25. Qd2 h5 26. h4 Re5 27. Rcd1
Ra6 28. Re3 g6 29. Kg2 Qe7 30. Qe2 Rb6 31. Qd3 Re6 32. Rc1 Qa7 33. a4 Qb8 34.
a5 Rb5 35. Ra1 Rb4 36. a6 Qa7 37. f3 Rb6 38. Re2 Re7 39. Rea2 Rc7 40. Ra4 Rcc6
41. Qc4 Rc7 42. R1a2 Rcc6 43. Kh2 Rc7 44. g4 hxg4 45. fxg4 Re7 46. h5 gxh5 47.
gxh5 Re5 48. Rg2+ Kf8 49. Qe2 d5 50. Qg4 Rbe6 51. exd5 Rxd5 52. Rf4 1-0

[Event "Sparkassen-Open A"]
[Site "Heusenstamm, Martinsee"]
[Date "2018.11.22"]
[Round "1.26"]
[White "Bachmann, Nick"]
[Black "Euler, Gerd"]
[Result "0-1"]
[WhiteElo "1957"]
[BlackElo "2297"]
[PlyCount "90"]
[EventDate "2018.??.??"]
[WhiteTeam "SG WÃ¤chtersbach"]
[BlackTeam "SSG Hungen-Lich"]

1. e4 c5 2. c3 Nf6 3. e5 Nd5 4. d4 cxd4 5. Nf3 e6 6. Bc4 Nb6 7. Bb3 d5 8. cxd4
Nc6 9. Nc3 Be7 10. Bf4 Na5 11. Rc1 Nac4 12. Qe2 a5 13. Bxc4 dxc4 14. Nd2 Nd5
15. Bg3 Nxc3 16. bxc3 Qd5 17. Nxc4 Qxg2 18. Kd2 O-O 19. f3 Qh3 20. Nb6 Rb8 21.
Rb1 Rd8 22. Rb3 a4 23. Rb5 g5 24. Rhb1 Bd7 25. Nxd7 Rxd7 26. Qf1 Qh6 27. Qc4
g4+ 28. f4 Qh3 29. Qf1 Qh6 30. Qc4 Bh4 31. Qe2 Bxg3 32. Qxg4+ Kh8 33. hxg3 Qh2+
34. Qe2 Qxg3 35. Rf1 Rc8 36. Rf3 Qg1 37. f5 Qa1 38. fxe6 Qxa2+ 39. Kd3 Qxe6 40.
Rb1 Rdc7 41. Rf6 Rxc3+ 42. Ke4 Qxf6 43. exf6 Re8+ 44. Kf5 Rxe2 45. Rxb7 Rf3+
0-1